1290 1957 1187 1319 1878 1945 1367 1628 1534 1332 1815 1835 1601 1043 1228 1902 1072 1068 1152 1101 1256 1148 1443 1486 1221 1911 1932 1569 1549 1497 1956 1296 1256 1287 1751 1439 1435 1630 1364 1856 1933 1622 1512 1397 1802 1838 1291 1785 1497 1958 1461 1255 1985 1775 2000 1935 1396 1797 1746 1969 1086 1304 1940 1927 1161 1685 1281 1520 1824 1615 1926 1756 1105 1230 1745 1399 1004 1210 1793 1381 1020 1577 1005 1567 1392 1653 1732 1640 1961 1688 1069 1537 1790 1018 1884 1536 1465 1205 1210 BCNSPRNW ULIB Ver.6.0+V

เปลี่ยนเป็นภาษาไทย

Change to English
 แสดงรายละเอียดบรรณานุกรม
  กลับหน้าหลัก

Brief Record : Get Marc (ISO 2709) : E-mail record : QR code < ปิดหน้าต่าง
LEADER : 00000nam 2200000uu 4500
001    13399114403
003     ULIB
008    120328s||||||||th 000 0 tha d
020    9786167058535
060  4 WM105^bพ264จ
100 0  พรรณพิมล วิปุลากร
245 00 จิตวิทยาสามัญประจำบ้าน/^cพรรณพิมล วิปุลากร
260    กรุงเทพฯ:^bฐานบุคส์,^c2554
300    143 หน้า:^bภาพประกอบ,^c17cm
650  4 จิตวิทยา
650  4 เด็กก้าวร้าว
650  4 จิตวิทยาครอบครัว
945    ^p130^l0^i031532
945    ^p130^l0^i031533
945    ^p130^l0^i031534
945    ^p130^l0^i031535
945    ^p130^l0^i031536
995    เกษร
999 ^a ใช้งานได้ทุกระบบ
รายการนี้ยังไม่มีแท็ก
คุณยังไม่ได้ล็อกอิน คุณสามารถมีกิจกรรมร่วมกับเว็บไซต์ได้ แต่ต้องล็อกอินก่อน ::
  ล็อกอิน

รายการสื่อสารสนเทศ

ลำดับที่ ประเภท เลขเรียก/บาร์โค้ด สถานที่ สถานะ
1. วิทยาศาสตร์การแพทย์ และสุขภาพ
หนังสือสำรอง
สถานะ=หนังสือสำรอง
WM105 พ264จ ฉ.1 
  Barcode: 031532
ห้องสมุดวิทยาเขตสวรรค์ประชารักษ์
►ส่วนจัดเก็บหนังสือเก่า สปร
บนชั้น
  ขอยืม
2. วิทยาศาสตร์การแพทย์ และสุขภาพ
วิทยาศาสตร์การแพทย์ และสุขภาพ
WM105 พ264จ ฉ.2 
  Barcode: 031533
ห้องสมุดวิทยาเขตสวรรค์ประชารักษ์
►ส่วนจัดเก็บหนังสือเก่า สปร
บนชั้น
  ขอยืม
3. วิทยาศาสตร์การแพทย์ และสุขภาพ
วิทยาศาสตร์การแพทย์ และสุขภาพ
WM105 พ264จ ฉ.3 
  Barcode: 031534
ห้องสมุดวิทยาเขตสวรรค์ประชารักษ์
►ส่วนจัดเก็บหนังสือเก่า สปร
บนชั้น
  ขอยืม
4. วิทยาศาสตร์การแพทย์ และสุขภาพ
วิทยาศาสตร์การแพทย์ และสุขภาพ
WM105 พ264จ ฉ.4 
  Barcode: 031535
ห้องสมุดวิทยาเขตสวรรค์ประชารักษ์
►ส่วนจัดเก็บหนังสือเก่า สปร
บนชั้น
  ขอยืม
5. วิทยาศาสตร์การแพทย์ และสุขภาพ
วิทยาศาสตร์การแพทย์ และสุขภาพ
WM105 พ264จ ฉ.5 
  Barcode: 031536
ห้องสมุดวิทยาเขตสวรรค์ประชารักษ์
►ส่วนจัดเก็บหนังสือเก่า สปร
บนชั้น
  ขอยืม

รายการใกล้เคียง
    หัวเรื่อง [จิตวิทยา]
    หัวเรื่อง [เด็กก้าวร้าว]
    หัวเรื่อง [จิตวิทยาครอบครัว]

BibComment


ยังไม่เคยถูกคอมเมนท์

คอมเมนท์ทรัพยากรรายการนี้
  คอมเมนท์: จิตวิทยาสามัญประจ..


 Copyright 2026. Bcnsprnw @Library